Music Quiz

Random Music or Clickable Quiz

Quick Pick: 'All' Songs Quiz Stats

 Plays Quiz not verified by Sporcle

Support Sporcle.
Go Orange.
Score 0/21 Timer 01:30
0 Plays Today
% Correct
Beatles
90.6%
Elvis Presley
86.5%
Jimi Hendrix
85.4%
Meghan Trainor
83.3%
Mariah Carey
80.7%
Lionel Richie
80.2%
Sheryl Crow
76%
Air Supply
71.9%
Ace Of Base
69.8%
Everly Brothers
67.7%
Free
65.6%
% Correct
John Legend
61.5%
Mott The Hoople
60.4%
Eric Carmen
59.4%
Whitney Houston
54.7%
Bryan Adams
54.2%
Heart
50%
t.A.T.u.
49.5%
George Harrison
48.4%
U2
35.4%
The Waterboys
29.2%

You're not logged in!

Compare scores with friends on all Sporcle quizzes.
OR
Log In

From the Vault

Famous Epic Poems

by ffl

Abandon productivity all ye who Sporcle here...
Remove Ads.
Support Sporcle.
Get the best of Sporcle when you Go Orange. This ad-free experience offers more features, more stats, and more fun while also helping to support Sporcle. Thank you for becoming a member.

Show Comments

Extras

Top Quizzes Today


Score Distribution

Your Account Isn't Verified!

In order to create a playlist on Sporcle, you need to verify the email address you used during registration. Go to your Sporcle Settings to finish the process.

Report this User

Report this user for behavior that violates our Community Guidelines.

Details: